The courage to hope : (Record no. 118187)
[ view plain ]
| 000 -LEADER | |
|---|---|
| fixed length control field | 01736cam a2200373 a 4500 |
| 001 - CONTROL NUMBER | |
| control field | 14881866 |
| 003 - CONTROL NUMBER IDENTIFIER | |
| control field | ARRUPE |
| 005 - DATE AND TIME OF LATEST TRANSACTION | |
| control field | 20131001140232.0 |
| 008 - FIXED-LENGTH DATA ELEMENTS--GENERAL INFORMATION | |
| fixed length control field | 070606s2003 sw b 000 0 eng |
| 010 ## - LIBRARY OF CONGRESS CONTROL NUMBER | |
| LC control number | 2007435211 |
| 020 ## - INTERNATIONAL STANDARD BOOK NUMBER | |
| International Standard Book Number | 2825413887 |
| 020 ## - INTERNATIONAL STANDARD BOOK NUMBER | |
| International Standard Book Number | 9782825413883 |
| 035 ## - SYSTEM CONTROL NUMBER | |
| System control number | (OCoLC)ocm53782565 |
| 040 ## - CATALOGING SOURCE | |
| Original cataloging agency | TLQ |
| Transcribing agency | TLQ |
| Modifying agency | TWU |
| -- | GHS |
| -- | OCLCQ |
| -- | BAKER |
| -- | NLGGC |
| -- | DLC |
| 042 ## - AUTHENTICATION CODE | |
| Authentication code | lccopycat |
| 043 ## - GEOGRAPHIC AREA CODE | |
| Geographic area code | f------ |
| 050 00 - LIBRARY OF CONGRESS CALL NUMBER | |
| Classification number | BR1360 |
| Item number | .K63 2003 |
| 300 ## - PHYSICAL DESCRIPTION | |
| Dimensions | 21 cm. |
| 100 1# - MAIN ENTRY--PERSONAL NAME | |
| Personal name | Kobia, Samuel. |
| 9 (RLIN) | 1853 |
| 245 14 - TITLE STATEMENT | |
| Title | The courage to hope : |
| Remainder of title | the roots for a new vision and the calling of the church in Africa / |
| Statement of responsibility, etc | Samuel Kobia. |
| 260 ## - PUBLICATION, DISTRIBUTION, ETC. (IMPRINT) | |
| Place of publication, distribution, etc | Geneva : |
| Name of publisher, distributor, etc | WCC Publications, |
| Date of publication, distribution, etc | 2003. |
| 300 ## - PHYSICAL DESCRIPTION | |
| Extent | xi, 218 p. ; |
| 440 #0 - SERIES STATEMENT/ADDED ENTRY--TITLE | |
| Title | Risk book series ; |
| Volume number/sequential designation | no. 102 |
| 9 (RLIN) | 1854 |
| 504 ## - BIBLIOGRAPHY, ETC. NOTE | |
| Bibliography, etc | Includes bibliographical references (p. [214]-218). |
| 505 0# - FORMATTED CONTENTS NOTE | |
| Formatted contents note | Introduction -- The home of humanity -- The dilemma and dreams of Pan-Africanism -- Migration of the European nation-state in Africa -- The crisis of conscience -- Human dignity and modernity in Africa -- Reconstruction and renaissance -- Ecumenical and ethical imperatives -- Torments of death and rebirth of the spirit -- Ecu-space and the sanctuary of life -- Fighting poverty. |
| 650 #0 - SUBJECT ADDED ENTRY--TOPICAL TERM | |
| Topical term or geographic name as entry element | Christianity |
| Geographic subdivision | Africa. |
| 9 (RLIN) | 1855 |
| 650 #0 - SUBJECT ADDED ENTRY--TOPICAL TERM | |
| Topical term or geographic name as entry element | Church and social problems |
| Geographic subdivision | Africa. |
| 9 (RLIN) | 1856 |
| 651 #0 - SUBJECT ADDED ENTRY--GEOGRAPHIC NAME | |
| Geographic name | Africa |
| General subdivision | Politics and government |
| Chronological subdivision | 1960- |
| 9 (RLIN) | 1857 |
| 651 #0 - SUBJECT ADDED ENTRY--GEOGRAPHIC NAME | |
| Geographic name | Africa |
| General subdivision | Social conditions |
| Chronological subdivision | 1960- |
| 9 (RLIN) | 1858 |
| 710 2# - ADDED ENTRY--CORPORATE NAME | |
| Corporate name or jurisdiction name as entry element | World Council of Churches. |
| 9 (RLIN) | 1859 |
| 856 41 - ELECTRONIC LOCATION AND ACCESS | |
| Materials specified | Table of contents only |
| Uniform Resource Identifier | <a href="http://www.loc.gov/catdir/toc/fy0715/2007435211.html">http://www.loc.gov/catdir/toc/fy0715/2007435211.html</a> |
| 906 ## - LOCAL DATA ELEMENT F, LDF (RLIN) | |
| a | 7 |
| b | cbc |
| c | copycat |
| d | 2 |
| e | ncip |
| f | 20 |
| g | y-gencatlg |
| 942 ## - ADDED ENTRY ELEMENTS (KOHA) | |
| Source of classification or shelving scheme | Library of Congress Classification |
| Koha item type | Monograph ( Printed materials) |
| Withdrawn status | Lost status | Source of classification or shelving scheme | Damaged status | Not for loan | Collection code | Home library | Current library | Shelving location | Date acquired | Total Checkouts | Full call number | Barcode | Date last seen | Price effective from | Koha item type |
|---|---|---|---|---|---|---|---|---|---|---|---|---|---|---|---|
| Library of Congress Classification | Main Collection | ARRUPE LIBRARY | ARRUPE LIBRARY | Main Collection | 01/10/2013 | BR1360 .K63 2003 | 46410923 | 15/11/2016 | 01/10/2013 | Monograph ( Printed materials) |